| 000 | 01187cam a22003017a 4500 | ||
|---|---|---|---|
| 003 | CHAP | ||
| 005 | 20220329134757.0 | ||
| 008 | 971013s r 00010 d | ||
| 010 | _a25738 | ||
| 011 | _a26710 | ||
| 035 | _a30811 | ||
| 040 | _cCHAP | ||
| 090 | _aFolleto 9976 | ||
| 110 |
_aInstituto Tecnológico y de Estudios Superiores de Monterrey. División de Ciencias Agropecuarias y Marítimas _959469 |
||
| 245 | 0 | _aSeminario sobre enseñanza a nivel profesional en Latinoamérica de la asignatura mercadeo agropecuario | |
| 260 |
_aMonterrey, N.L. : _bInstituto Tecnológico y de Estudios Superiores en Monterrey, _c(197?) |
||
| 590 |
_aBATCH-UPD _b10 _c20130109 _lUCH01 _h2333 |
||
| 590 |
_aBATCH-UPD _b10 _c20130110 _lUCH01 _h1832 |
||
| 590 |
_aBATCH-UPD _b10 _c20130409 _lUCH01 _h1859 |
||
| 590 |
_aBATCH-UPD _b10 _c20130410 _lUCH01 _h1204 |
||
| 590 |
_aBATCH-UPD _b10 _c20130913 _lUCH01 _h2008 |
||
| 590 |
_aCONVERSION _b10 _c20130109 _lUCH01 _h1315 |
||
| 650 | 1 | 4 |
_aAgricultura _xAspectos económicos _xEstudio y enseñanza. _91242 |
| 650 | 1 | 4 |
_aProductos agrícolas _xMercadeo. _991951 |
| 901 | _aBK | ||
| 942 | _cFOLL | ||
| 949 |
_aFolleto 9976 _bBC _cFOLL _d-71297 _eTS1 _i30811 _mD _si |
||
| 999 |
_c25738 _d25738 |
||